Evolución del habla : estudios filológicos /
El autor presenta una serie de estudios filológicos acerca del habla española. Hace énfasis especial en el español de la Argentina. Con esta obra pretende contribuir al prefeccionamiento del uso del lenguaje hablado.
Na minha lista:
| Autor principal: | |
|---|---|
| Formato: | Livro |
| Idioma: | espanhol |
| Assuntos: | |
| Tags: |
Sem tags, seja o primeiro a adicionar uma tag!
|
MARC
| LEADER | 00000nam^a2200000^a^4500 | ||
|---|---|---|---|
| 001 | 000155559 | ||
| 005 | 20250521000000.0 | ||
| 009 | 20260310100432.588 | ||
| 037 | |a Acervo ITESO - Biblioteca | ||
| 041 | |a ESP | ||
| 082 | |a 467. 982 |b SEL | ||
| 100 | |a Selva, Juan B. |e (autor) | ||
| 245 | 1 | 0 | |a Evolución del habla : |b estudios filológicos / |c J.B. Selva. |
| 264 | |a Buenos Aires, Argentina : |b El Ateneo, |c 1944 | ||
| 300 | |a 164 p. | ||
| 336 | |a texto |b txt |2 rdacontenido | ||
| 337 | |a sin mediación |b n |2 rdamedio | ||
| 338 | |a volumen |b nc |2 rdasoporte | ||
| 520 | |a El autor presenta una serie de estudios filológicos acerca del habla española. Hace énfasis especial en el español de la Argentina. Con esta obra pretende contribuir al prefeccionamiento del uso del lenguaje hablado. | ||
| 649 | |a XX | ||
| 650 | |a Provincialismos - |z Argentina | ||
| 650 | |a Español en Argentina | ||
| 650 | |a Español - |x Enciclopedias y Diccionarios - |x Historia | ||
| 650 | |a Gramática | ||
| 650 | |a Lenguas Romances | ||
| 650 | |a Lenguas Indo-Europeas | ||
| 650 | |a Lenguaje y Lenguas | ||
| 650 | |a Filología | ||
| 650 | |a Lingüística | ||
| 910 | |a Fondo General | ||
| 920 | |a Impresos - Libros | ||
| 930 | |a Colección General | ||
| 905 | |a 101 | ||
| 901 | |a 0500084413 |b IT1 |c ACC |u 20250521 | ||
| 902 | |a https://opac.biblio.iteso.mx/vufind/Record/000155559 | ||